000 00566nam a2200193Ia 4500
003 LDD
008 181029s9999 xx 000 0 und d
020 _a9781849808330
_cP 250.00
040 _cLDD
100 _aGamlen, Alan
245 0 _aMigration and global governance
_cAlan Gamlen
260 _aCheltenham
_bAn Elgar Research Collection
_c2011
300 _axxxiii, 74
365 _bP 250.00
901 _a9898
_b04-01-2013
902 _a11376
_b22-01-2013
_cF
_dUPPAL
_eIT
903 _aDiscount-15
_bReqst by : Sadananda Sahoo
942 _2ddc
_cBK
999 _c107015
_d107015